Loading...
| Beliefs | 8 | 15.00 | 1,350% | 375% | 300% |
| Current Events | 1 | 0.00 | 0% | 0% | 0% |
| Fine Arts - Auditory | 3 | 13.33 | 1,200% | 200% | 400% |
| Fine Arts - Visual | 2 | 25.00 | 1,800% | 600% | 600% |
| Geography | 1 | 10.00 | 0% | 0% | 600% |
| History - American | 3 | 13.33 | 2,400% | 400% | 0% |
| History - European | 4 | 15.00 | 1,800% | 150% | 450% |
| History - World | 4 | 12.50 | 1,800% | 300% | 150% |
| Literature - American | 7 | 11.43 | 1,029% | 343% | 171% |
| Literature - British | 5 | 12.00 | 1,440% | 240% | 240% |
| Literature - European | 6 | 16.67 | 1,200% | 300% | 500% |
| Literature - World | 1 | 20.00 | 0% | 600% | 600% |
| Other Academic | 2 | 20.00 | 0% | 600% | 600% |
| Other Science: Astronomy | 1 | 10.00 | 0% | 600% | 0% |
| Other Science: Earth Science | 1 | 0.00 | 0% | 0% | 0% |
| Other Science: Math | 1 | 10.00 | 0% | 0% | 600% |
| Philosophy | 4 | 10.00 | 1,800% | 150% | 150% |
| Science - Biology | 2 | 10.00 | 0% | 600% | 0% |
| Science - Chemistry | 2 | 10.00 | 0% | 300% | 300% |
| Science - Physics | 3 | 16.67 | 1,200% | 200% | 600% |
| Social Science | 4 | 17.50 | 900% | 450% | 450% |
| 9 | 13.33 | 2,000% | 333% | 133% |